000 00593nam a22002177a 4500
003 LK-CoMWRAF
005 20240212123726.0
008 230925b2001 |||||||| |||| 00| 0 eng d
020 _a9780330522823
040 _aLK-CoMWRAF
_dLK-CoMWRAF
_eLK-CoMWRAF
041 _aeng
082 _a909.097
_bNAI
100 _aNaipaul V. S.
245 _aAmong the believers :
_ban Islamic journey
260 _aLondon :
_bPicador,
_c2012
300 _a495 p.
650 _aTravel Writing
650 _aReligion and state -- Islamic countries
650 _aLifestyle-Sport & Leisure
942 _cBK
999 _c3674
_d3674